The Hitman's Bodyguard (Record no. 228163)
[ view plain ]
| 000 -LEADER | |
|---|---|
| fixed length control field | 02901cgm a2200661Ka 4500 |
| 001 - CONTROL NUMBER | |
| control field | on1005899563 |
| 003 - CONTROL NUMBER IDENTIFIER | |
| control field | OCoLC |
| 005 - DATE AND TIME OF LATEST TRANSACTION | |
| control field | 20171121140048.0 |
| 007 - PHYSICAL DESCRIPTION FIXED FIELD--GENERAL INFORMATION | |
| fixed length control field | vd cvaizq |
| 008 - FIXED-LENGTH DATA ELEMENTS--GENERAL INFORMATION | |
| fixed length control field | 171011s2017 cau118 vleng d |
| 024 1# - OTHER STANDARD IDENTIFIER | |
| Standard number or code | 031398273738 |
| 028 ## - PUBLISHER NUMBER | |
| Publisher number | 11945005 |
| 028 42 - PUBLISHER NUMBER | |
| Publisher number | 53097 |
| Source | Lionsgate |
| 035 ## - SYSTEM CONTROL NUMBER | |
| System control number | 1156435 |
| 037 ## - SOURCE OF ACQUISITION | |
| Source of stock number/acquisition | Midwest Tape |
| Note | http://www.midwesttapes.com |
| 040 ## - CATALOGING SOURCE | |
| Original cataloging agency | TEFMT |
| Language of cataloging | eng |
| Transcribing agency | TEFMT |
| Modifying agency | TEF |
| -- | OCLCF |
| Description conventions | rda |
| 041 1# - LANGUAGE CODE | |
| Language code of text/sound track or separate title | eng |
| Language code of original and/or intermediate translations of text | eng |
| 092 ## - LOCALLY ASSIGNED DEWEY CALL NUMBER (OCLC) | |
| Classification number | dvd |
| 245 04 - TITLE STATEMENT | |
| Title | The Hitman's Bodyguard |
| Medium | [videorecording] / |
| Statement of responsibility, etc | Bodyguard Productions ; writer, Tom O'Connor ; producers, David Ellison, Mark Gill, Dana Goldberg, Matthew O'Toole ; director, Patrick Hughes. |
| 264 #1 - Production, Publication, Distribution, Manufacture, and Copyright Notice. | |
| Place of production, publication, distribution, manufacture | [Universal City, California] : |
| Name of producer, publisher, distributor, manufacturer | Summit Entertainment, |
| Date of production, publication, distribution, manufacture, or copyr | [2017] |
| 300 ## - PHYSICAL DESCRIPTION | |
| Extent | 1 videodisc (118 min.) : |
| Other physical details | sound, color ; |
| Dimensions | 4 3/4 in. |
| 336 ## - Content Type | |
| Content type term | two-dimensional moving image |
| 337 ## - Media type | |
| Media type term | video |
| 338 ## - Carrier type | |
| Carrier type term | videodisc |
| 500 ## - GENERAL NOTE | |
| General note | Wide screen. |
| 500 ## - GENERAL NOTE | |
| General note | Special features: Big action in a big world; feature commentary with director, Patrick Hughes. |
| 511 1# - PARTICIPANT OR PERFORMER NOTE | |
| Participant or performer note | Ryan Reynolds, Samuel L. Jackson, Gary Oldman. |
| 520 ## - SUMMARY, ETC. | |
| Summary, etc | The world's top protection agent is called upon to guard the life of his mortal enemy, one of the world's most notorious hitmen. |
| 521 8# - TARGET AUDIENCE NOTE | |
| Target audience note | MPAA rating: R; for strong violence and language throughout. |
| 538 ## - SYSTEM DETAILS NOTE | |
| System details note | DVD. |
| 546 ## - LANGUAGE NOTE | |
| Language note | English dialogue; Spanish subtitles; subtitled for the deaf and hard of hearing (SDH); closed-captioned. |
| 650 #0 - SUBJECT ADDED ENTRY--TOPICAL TERM | |
| Topical term or geographic name as entry element | Assassins |
| Form subdivision | Drama. |
| 9 (RLIN) | 5697952 |
| 650 #0 - SUBJECT ADDED ENTRY--TOPICAL TERM | |
| Topical term or geographic name as entry element | Bodyguards |
| Form subdivision | Drama. |
| 9 (RLIN) | 5736422 |
| 655 #7 - INDEX TERM--GENRE/FORM | |
| Genre/form data or focus term | Feature films. |
| Source of term | lcgft. |
| 9 (RLIN) | 102699 |
| 655 #7 - INDEX TERM--GENRE/FORM | |
| Genre/form data or focus term | Action and adventure films. |
| Source of term | lcgft. |
| 9 (RLIN) | 5674017 |
| 655 #7 - INDEX TERM--GENRE/FORM | |
| Genre/form data or focus term | Comedy films. |
| Source of term | lcgft. |
| 9 (RLIN) | 102658 |
| 655 #7 - INDEX TERM--GENRE/FORM | |
| Genre/form data or focus term | Fiction films. |
| Source of term | lcgft. |
| 9 (RLIN) | 5674705 |
| 655 #7 - INDEX TERM--GENRE/FORM | |
| Genre/form data or focus term | Video recordings for the hearing impaired. |
| Source of term | lcgft. |
| 9 (RLIN) | 5736423 |
| 655 #7 - INDEX TERM--GENRE/FORM | |
| Genre/form data or focus term | Action and adventure films. |
| Source of term | fast |
| 9 (RLIN) | 5674017 |
| 655 #7 - INDEX TERM--GENRE/FORM | |
| Genre/form data or focus term | Comedy films. |
| Source of term | fast |
| 9 (RLIN) | 102658 |
| 655 #7 - INDEX TERM--GENRE/FORM | |
| Genre/form data or focus term | Drama. |
| Source of term | fast |
| 9 (RLIN) | 5673873 |
| 655 #7 - INDEX TERM--GENRE/FORM | |
| Genre/form data or focus term | Feature films. |
| Source of term | fast |
| 9 (RLIN) | 102699 |
| 655 #7 - INDEX TERM--GENRE/FORM | |
| Genre/form data or focus term | Fiction films. |
| Source of term | fast |
| 9 (RLIN) | 5674705 |
| 655 #7 - INDEX TERM--GENRE/FORM | |
| Genre/form data or focus term | Video recordings for the hearing impaired. |
| Source of term | fast |
| 9 (RLIN) | 5736423 |
| 700 1# - ADDED ENTRY--PERSONAL NAME | |
| Personal name | O'Connor, Tom |
| Titles and other words associated with a name | (Screenwriter), |
| Relator term | screenwriter. |
| 9 (RLIN) | 5736424 |
| 700 1# - ADDED ENTRY--PERSONAL NAME | |
| Personal name | Ellison, David, |
| Dates associated with a name | 1983- |
| Relator term | film producer. |
| 9 (RLIN) | 5736425 |
| 700 1# - ADDED ENTRY--PERSONAL NAME | |
| Personal name | Gill, Mark |
| Titles and other words associated with a name | (Film producer), |
| Relator term | film producer. |
| 9 (RLIN) | 5736426 |
| 700 1# - ADDED ENTRY--PERSONAL NAME | |
| Personal name | Goldberg, Dana, |
| Relator term | film producer. |
| 9 (RLIN) | 5736427 |
| 700 1# - ADDED ENTRY--PERSONAL NAME | |
| Personal name | O'Toole, Matthew, |
| Relator term | film producer. |
| 9 (RLIN) | 5736428 |
| 700 1# - ADDED ENTRY--PERSONAL NAME | |
| Personal name | Hughes, Patrick, |
| Relator term | film director. |
| 9 (RLIN) | 5736429 |
| 700 1# - ADDED ENTRY--PERSONAL NAME | |
| Personal name | Reynolds, Ryan, |
| Relator term | actor. |
| 9 (RLIN) | 76282 |
| 700 1# - ADDED ENTRY--PERSONAL NAME | |
| Personal name | Jackson, Samuel L., |
| Relator term | actor. |
| 9 (RLIN) | 62150 |
| 700 1# - ADDED ENTRY--PERSONAL NAME | |
| Personal name | Oldman, Gary, |
| Relator term | actor. |
| 9 (RLIN) | 39413 |
| 710 2# - ADDED ENTRY--CORPORATE NAME | |
| Corporate name or jurisdiction name as entry element | Bodyguard Productions (Firm), |
| Relator term | production company. |
| 9 (RLIN) | 5736430 |
| 710 2# - ADDED ENTRY--CORPORATE NAME | |
| Corporate name or jurisdiction name as entry element | Summit Entertainment, |
| Relator term | publisher. |
| 9 (RLIN) | 58551 |
| 907 ## - LOCAL DATA ELEMENT G, LDG (RLIN) | |
| a | .b388340551 |
| 942 ## - ADDED ENTRY ELEMENTS (KOHA) | |
| Source of classification or shelving scheme | Dewey Decimal Classification |
| Koha item type | DVD |
| Withdrawn status | Lost status | Source of classification or shelving scheme | Damaged status | Not for loan | Collection code | Home library | Current library | Shelving location | Date acquired | Source of acquisition | Total Checkouts | Total Renewals | Full call number | Barcode | Date last seen | Date checked out | Cost, replacement price | Price effective from | Koha item type |
|---|---|---|---|---|---|---|---|---|---|---|---|---|---|---|---|---|---|---|---|
| Dewey Decimal Classification | Movies | Wasatch County Library | Wasatch County Library | Audio Visual Area | 07/14/2021 | Amazon | 15 | 11 | DVD Hit | 34301001818782 | 11/20/2025 | 11/14/2025 | 5.00 | 07/14/2021 | DVD |
